| 000 | 00779cam a22002535a 4500 | ||
|---|---|---|---|
| 005 | 20250113125640.0 | ||
| 008 | 130329s2013 mau 000 0 eng | ||
| 010 | _a 2013936663 | ||
| 020 | _a9781285099224 | ||
| 020 | _a1285099222 | ||
| 040 |
_aDLC _cDLC _dDLC |
||
| 042 | _apcc | ||
| 082 |
_a005.42 _bADA-N |
||
| 100 | 1 | _aAdamski, Joseph J. | |
| 245 | 1 | 0 |
_aNew perspectives on Microsoft Access 2013 : _cJoseph J Adamski, Kathleen T. Finnegan, Sharon Scollard; [edited by] Donna Gridley / |
| 260 |
_aBoston, MA : _bCengage Learning, _c2013. |
||
| 263 | _a1305 | ||
| 300 |
_a232 P. : _bill; _c24 cm. |
||
| 500 | _aincludes reference. | ||
| 650 | _aMicrosoft Office | ||
| 906 |
_a0 _bibc _corignew _d2 _eepcn _f20 _gy-gencatlg |
||
| 999 |
_c25947 _d25947 |
||